000 01138nam a2200337 a 4500
001 000015382
003 DO-SdBPM
005 20260206115724.0
007 ta
008 100208s2005 dr 001 0 spa d
020 _a9993496626
040 _aDO-SdBPM
_bspa
_cBPMSU
_drda
082 4 _a070.4
_bP344c 2005
_222
100 1 _aPayero Baquero, Félix M.
_4aut.
_eautor
245 1 0 _aCompendio de periodismo y redacción :
_blibro de texto para estudiantes y profesionales del area de comunicación social /
_cFélix M. Payero Baquero.
260 _c.
264 _aSanto Domingo :
_bSoto Castillo,
_c2005
300 _a236 págians ;
_c23 cm.
336 _atexto
_btxt
_2rdacontent
337 _asin mediación
_bn
_2rdamedia
338 _avolumen
_bnc
_2rdacarrier
500 _aIncluye datos biográficos del autor en la contracubierta
504 _aBibliografía: páginas 234-236
590 _aInventariado,2026/VM
650 7 _aPeriodismo
_xHistoria
650 4 _aReportaje7
650 7 _aRelaciones públicas
650 7 _aRedación de escritos técnicos
910 _aVMateo V. Control de calodad BPMSU
942 _2ddc
_cBK
999 _c15668
_d15668